Фазы и циклы тектогенеза Западно-Сибирского края; Международный геологический конгресс

Detaylı Bibliyografya
Parent link:Международный геологический конгресс.— 1937.— С. 150
Yazar: Усов М. А. Михаил Антонович
Dil:Rusça
Baskı/Yayın Bilgisi: 1937
Seri Bilgileri:Тектонические проблемы Азии
Konular:
Materyal Türü: MixedMaterials Kitap Bölümü
KOHA link:https://koha.lib.tpu.ru/cgi-bin/koha/opac-detail.pl?biblionumber=177055

MARC

LEADER 00000naa2a2200000 4500
001 177055
005 20231031165456.0
035 |a (RuTPU)RU\TPU\book\191961 
035 |a RU\TPU\tpu\2996 
090 |a 177055 
100 |a 20100311d1937 k y0rusy50 ca 
101 0 |a rus 
102 |a RU 
200 1 |a Фазы и циклы тектогенеза Западно-Сибирского края  |f М. А. Усов 
225 1 |a Тектонические проблемы Азии 
463 0 |0 (RuTPU)RU\TPU\book\191614  |t Международный геологический конгресс  |o XVII сессия, СССР, 1937  |o тезисы докладов  |v С. 150  |d 1937  |p 259 с. 
610 1 |a геолого-географические науки 
610 1 |a труды учёных ТПУ 
700 1 |a Усов  |b М. А.  |c российский геолог  |c профессор Томского технологического института  |f 1883-1939  |g Михаил Антонович  |2 stltpush  |3 (RuTPU)RU\TPU\pers\1941 
801 0 |a RU  |b 63413507  |c 20011210  |g PSBO 
801 2 |a RU  |b 63413507  |c 20100311  |g PSBO 
942 |c BK